| 000 | 00326 a2200121 4500 | ||
|---|---|---|---|
| 001 | 39673 | ||
| 020 | _a978-0-13-147122-1 | ||
| 082 | _a519.20246213/GAR | ||
| 090 |
_c24693 _d24693 |
||
| 100 | _aGarcia Leon | ||
| 245 | _aProbability & random process for electrical engineering | ||
| 260 |
_aNew York _bAdeson Wesely _c1994 |
||
| 942 |
_aNUST-CAE _k519.20246213 |
||
| 999 |
_c274746 _d274746 |
||